Význam ľudských zdrojov v období zmeny diplomová práca

Gespeichert in:
Bibliographische Detailangaben
1. Verfasser: Bírová, Katarína
Körperschaft: Obchodná fakulta EU. Katedra medzinárodného obchodu
Weitere Verfasser: Krajčík, Daniel, 1981-
Format: Buch
Sprache:Slowakisch
Veröffentlicht: Bratislava 2010
Tags: Tag hinzufügen
Keine Tags, Fügen Sie das erste Tag hinzu!

MARC

LEADER 00000nam a2200000 4500
001 0119596
005 20240318123922.0
041 0 |a slo 
044 |a SK 
245 1 0 |a Význam ľudských zdrojov v období zmeny  |b diplomová práca  |c Katarína Bírová ; škol. Daniel Krajčík 
264 1 |a Bratislava  |c 2010 
300 |a 71 s. 
100 1 |a Bírová, Katarína 
700 1 |a Krajčík, Daniel, 1981- 
710 2 |a Obchodná fakulta EU. Katedra medzinárodného obchodu